| 000 | 00799nam a2200265 a 4500 | ||
|---|---|---|---|
| 001 | 45120 | ||
| 003 | BD-RjUL | ||
| 005 | 20211209053951.0 | ||
| 008 | 160723s1968 enk b 001 0 eng | ||
| 020 | _a004100017X | ||
| 035 | _a(BD-RjUL)45238 | ||
| 040 |
_aDLC _cDLC _dDLC _dBD-RjUL _beng |
||
| 041 | _aeng | ||
| 082 | 0 | 0 |
_a100 _223 _bEWN 1968 |
| 100 | 1 |
_aEwing, A. C. _q(Alfred Cyril), _d1899-1973. _9138215 |
|
| 245 | 1 | 0 |
_aNon-linguistic philosophy / _cA. C. Ewing. |
| 260 |
_aLondon : _bAllen & Unwin, _cc1968 |
||
| 300 |
_a279 p. ; _c23 cm. |
||
| 490 | _aMuirhead library of philosophy | ||
| 504 | _aBibliographical footnotes and index. | ||
| 650 | 0 |
_aPhilosophy. _9138216 |
|
| 650 | 0 |
_aSemantics (Philosophy) _9138217 |
|
| 830 |
_aMuirhead library of philosophy _9128531 |
||
| 942 |
_2ddc _cBK |
||
| 999 |
_c45120 _d45120 |
||